[Event "25th Abu Dhabi Master 2018"]
[Site "Abu Dhabi"]
[Date "2018.08.07"]
[Round "1"]
[White "Gupta, Abhijeet"]
[Black "Shailesh, Dravid"]
[Result "1-0"]
[WhiteElo "2614"]
[BlackElo "2290"]
[Annotator "TA"]
[PlyCount "103"]
[EventDate "2018.08.05"]
[EventType "swiss"]
[EventCountry "UAE"]
[SourceTitle "playchess.com"]
[Source "ChessBase"]
[SourceQuality "1"]

{[%evp 26,103,58,45,81,76,95,84,131,131,165,138,141,141,172,142,171,145,172,145,149,145,150,141,164,144,170,144,155,157,174,148,206,199,193,200,195,179,197,193,218,216,217,217,345,325,351,347,407,408,406,359,331,345,350,310,307,287,360,326,336,343,367,367,367,367,367,367,367,367,367,367,367,367,367,367,377,377,377,377]} 1. Nf3 Nf6 2. c4 g6 3. Nc3 Bg7 4. e4 d6 5. d4 O-O 6. Be2 Nbd7 7. Be3 e5 8. d5 Ng4 9. Bg5 f6 10. Bd2 {E93: King's Indian: Classical: Petrosian System with 7...Nbd7} (10. Bh4 Nh6 11. Nd2 a5 12. f3 Nc5 13. b3 Nf7 14. Qc2 h5 15. Nf1 Bh6 16. Rg1 Ng5 17. Bf2 f5 18. h4 Nh7 19. Ng3 Kh8 {½-½ (79) Bernasek,J (2494)-Movsesian,S (2667) Czech Republic 2018}) 10... a5 11. h3 Nh6 12. h4 Nc5 13. h5 g5 14. Be3 {LiveBook: 7 Games} Bd7 15. Qd2 $146 ({Predecessor:} 15. Qc2 b6 16. Qc1 Ng4 17. Bxc5 bxc5 18. Nh2 Nxh2 19. Rxh2 {½-½ (55) Starcevic,G (2227)-Brenjo,S (2473) Belgrade 2009}) 15... Nf7 16. g4 Qe7 17. Nh2 Rfd8 18. Nf1 Nh6 19. f3 Be8 20. Ng3 Bf8 21. Kf2 c6 22. Kg2 a4 23. Rab1 Qc7 24. Rhc1 Be7 25. Rc2 Qa5 26. Rd1 Kf8 27. Qe1 Nd7 28. Qf2 c5 (28... Kg8 $16 29. a3 Rac8) 29. Nb5 Rdc8 30. Rb1 Nb8 {[%cal Bd7b8,Bb8a6,Ba6b4][%mdl 32]} 31. Rc3 Na6 32. Ra3 Nb4 33. Bd2 Qd8 34. Rc1 Bxb5 (34... Kg7 $142 35. Bd1 Ra5) 35. cxb5 $18 Qd7 36. Bc4 Ra5 37. Qe2 Rca8 38. Nf1 Bd8 39. Ne3 R5a7 40. Nd1 Ng8 41. Nc3 Ne7 42. Nb1 Nc8 43. Re3 Nb6 44. a3 {White is winning.} Nxc4 45. Qxc4 Na6 46. bxa6 b5 47. Qe2 Rxa6 48. Rec3 Rb8 49. R3c2 Ra7 50. Be3 Rab7 51. Nd2 Ba5 52. Nf1 {Precision: White = 75%, Black = 40%.} 1-0

[Event "25th Abu Dhabi Master 2018"]
[Site "Abu Dhabi"]
[Date "2018.08.07"]
[Round "1"]
[White "Karthikeyan, Murali"]
[Black "Hejazipour, Mitra"]
[Result "1/2-1/2"]
[WhiteElo "2609"]
[BlackElo "2285"]
[Annotator "TA"]
[PlyCount "162"]
[EventDate "2018.08.05"]
[EventType "swiss"]
[EventCountry "UAE"]
[SourceTitle "playchess.com"]
[Source "ChessBase"]
[SourceQuality "1"]

{[%evp 15,162,0,5,0,11,-10,-8,-19,-8,-42,-40,-29,0,0,0,-93,-93,-152,-62,-69,-10,-11,-19,-17,-15,-21,-11,-21,0,0,0,0,21,22,22,0,0,0,0,0,0,0,0,-28,-43,-52,-46,-72,-75,-97,0,0,0,0,0,0,0,0,0,0,0,0,0,0,523,176,984,726,746,0,0,0,0,11,42,0,0,0,0,0,50,50,50,50,50,50,50,50,50,50,50,50,50,50,50,50,50,50,50,9,47,0,0,0,0,0,0,0,0,0,0,0,0,0,0,0,0,0,0,0,0,0,0,0,0,0,0,0,0,0,0,0,0,0,0,0,0,0,0,0,0,0,0,0,0,0,0,0,12]} 1. e4 c5 2. Nf3 d6 3. d4 cxd4 4. Nxd4 Nf6 5. Nc3 a6 6. Be2 e5 7. Nf3 Be7 8. Bg5 Be6 {LiveBook: 41 Games. B92: Sicilian Najdorf: 6 Be2} (8... Nbd7 9. a4 h6 10. Be3 Ng4 11. Bc1 Ngf6 12. Nd2 Nc5 13. O-O Qc7 14. a5 Be6 15. Re1 O-O 16. Bf3 Rad8 {½-½ (80) So,W (2778)-Vachier Lagrave,M (2789) Stavanger 2018}) 9. O-O Nbd7 10. a4 O-O 11. a5 Rc8 $146 ({Predecessor:} 11... h6 12. Be3 Ng4 13. Bc1 Rc8 14. h3 Ngf6 15. Be3 Nc5 16. Nd2 {0-1 (41) Tejaswini,S (2071)-Arpita,M (2210) Saravanampatty 2017}) 12. Qc1 h6 13. Be3 Rxc3 14. bxc3 Nxe4 15. Bd3 (15. c4 $11) 15... Nxc3 $17 16. Bxh6 (16. Re1 $142) 16... e4 ({Black should try} 16... gxh6 $17 17. Ra3 e4 18. Rxc3 exd3 19. Qxh6 Bf6 20. Rxd3 Bc4 21. Rxd6 Bxf1 22. Kxf1 Qe7) 17. Bd2 $15 Bf6 (17... Na2 $15 18. Rxa2 exf3) 18. Bxc3 $11 Bxc3 19. Bxe4 Bxa1 20. Qxa1 Nc5 21. Re1 Re8 22. Nd4 Nxe4 23. Rxe4 Qf6 24. Qe1 Kf8 25. h3 Bd7 26. Rxe8+ Bxe8 27. Qb4 Qe5 28. Nf3 Qd5 29. Qh4 Qxa5 30. Qh8+ Ke7 31. Qxg7 Bc6 32. Qg4 Bxf3 (32... Qa1+ $17 33. Kh2 Qf6) 33. Qxf3 $17 {[%mdl 4096] Endgame KQ-KQ} Qb4 34. h4 a5 35. h5 Qb1+ 36. Kh2 Qxc2 37. h6 {Strongly threatening Qe3+.} Qg6 38. Qxb7+ Kf6 39. Qb2+ Ke6 $2 {[%mdl 8192]} (39... Kg5 $11) 40. Qg7 $1 $18 {[%cal Rg7g6]} Qf6 $2 {[#]} (40... Qh5+ 41. Kg3 f6) 41. Qg4+ $1 Ke7 {[#]} 42. Qh5 $2 (42. h7 $1 $18 Qh8 43. Qg8 Qe5+ 44. Kh3 Qh5+ 45. Kg3 Qe5+ 46. Kg4 Qe2+ 47. Kh4 Qxf2+ 48. Qg3 Qd4+ 49. Kh3) 42... Kf8 $11 {Threatens to win with ...Qe5+.} 43. h7 Qh8 44. Qh6+ Ke7 45. g4 a4 46. Kg2 {Hoping for g5.} a3 47. Qe3+ Kf8 48. Qxa3 Qxh7 49. Qxd6+ Kg8 50. Qb8+ Kg7 51. Qe5+ Kg8 52. Qf5 Qg7 53. Kg3 Qd4 54. Qg5+ Kf8 55. Qf4 Qc3+ 56. Qe3 Qc7+ 57. f4 {[%cal Bf2f4,Bf4f5][%mdl 32] next Qd4 is good for White.} Qc2 58. f5 Qb2 {The position is equal.} 59. Qh6+ Ke7 60. Qg5+ Kf8 61. Qe3 Qa1 62. g5 Qb2 63. f6 Qb8+ 64. Kg4 (64. Kf2 {seems wilder.} Kg8 65. Kf3 Qb7+ 66. Kf4 Qb4+ 67. Kf3) 64... Qc8+ 65. Kh5 Qa8 66. Qh3 Kg8 67. Kh6 Qf8+ 68. Kh5 Qa8 69. Qe3 Qh1+ 70. Kg4 {White threatens Qe8+ and mate.} Qg2+ 71. Kf5 {Intending Qe8+ and mate.} Qd5+ 72. Kf4 Qd6+ 73. Kg4 {aiming for Qe8+.} (73. Kf3 {is more complex.} Qd1+ 74. Ke4 Qb1+ 75. Ke5 Qb8+ 76. Kf5) 73... Qc6 74. Kg3 Qa8 75. Qd4 Qb8+ 76. Kg4 {And now Qd5 would win.} Qa8 77. Kf4 Qb8+ 78. Qe5 Qc8 79. Kg3 Qa8 80. g6 fxg6 81. Qe6+ Kh8 {Precision: White = 53%, Black = 69%.} 1/2-1/2

[Event "25th Abu Dhabi Master 2018"]
[Site "Abu Dhabi"]
[Date "2018.08.07"]
[Round "1"]
[White "Idani, Pouya"]
[Black "Raahul, VS."]
[Result "0-1"]
[WhiteElo "2599"]
[BlackElo "2277"]
[Annotator "TA"]
[PlyCount "116"]
[EventDate "2018.08.05"]
[EventType "swiss"]
[EventCountry "UAE"]
[SourceTitle "playchess.com"]
[Source "ChessBase"]
[SourceQuality "1"]

{[%evp 17,116,0,0,-15,-24,-37,-39,-47,-25,-41,-46,-76,-33,-62,-59,-55,-65,-81,-14,-14,-14,-52,-60,-59,-49,-53,-60,-50,-59,-55,-58,-102,-106,-95,-103,-105,-96,-102,-95,-94,-63,-66,-66,-69,-74,-55,-66,-58,-58,-93,-86,-86,-88,-86,-67,-67,-67,-78,-72,-91,-93,-106,-77,-109,-108,-105,-110,-210,-197,-210,-200,-219,-148,-148,-148,-331,-332,-301,-210,-854,-823,-1142,-1208,-912,-829,-5158,-5204,-5195,-5146,-2644,-2179,-1412,-1200,-6589,-5986,-6070,-6070,-5241,-5311,-5081,-5050]} 1. g3 Nf6 2. Bg2 g6 3. e4 d6 4. d4 Bg7 5. Ne2 O-O 6. O-O e5 7. h3 Nc6 8. Be3 {B06: Modern Defence} (8. d5 Ne7 9. c4 Nd7 10. Nbc3 f5 11. Be3 Nf6 12. Qd2 fxe4 13. g4 h5 14. g5 Nh7 15. Nxe4 Nf5 {½-½ (35) Bocharov,D (2558)-Smirin,I (2658) Minsk 2015}) 8... d5 9. dxe5 Nxe4 {LiveBook: 3 Games} 10. c4 $146 {The position is equal.} ({Predecessor:} 10. f4 Ne7 11. Kh2 f6 12. exf6 Nxf6 13. Nbc3 c6 14. Bf2 Nf5 15. Qd2 Nd6 {½-½ (77) Priyadharshan,K (2407)-Wang,P (2430) ICC INT 2012}) 10... Nxe5 11. cxd5 Nd6 {[%cal Be4d6,Bd6e4,Be4f2][%mdl 32]} 12. Na3 Bf5 13. Bd4 h5 14. Rc1 Qd7 15. Kh2 {White wants to play f4.} Rfe8 16. Rc3 Ne4 17. Re3 c5 ({Black should try} 17... Qxd5 $17 {With the idea ...Rad8.} 18. f3 Ng5) 18. dxc6 $1 $11 Nxc6 19. Bxg7 {Strongly threatening Qxd7.} (19. Bxe4 $5 Rxe4 20. Rxe4 Bxe4 21. Bxg7 Qxd1 22. Rxd1 Kxg7 23. Nc3 $15) 19... Qxd1 20. Rxd1 {Threatens to win with Bxe4.} Nxf2 21. Rxe8+ Rxe8 22. Rd2 $1 Kxg7 23. Nc3 Ne4 24. Bxe4 Bxe4 25. Re2 f5 26. Nab5 Re5 27. Nxe4 {Black must now prevent Nec3.} Rxb5 $17 {[%mdl 4096] Endgame KRN-KRN} 28. Nd6 Rb4 29. b3 Kf6 30. Ne8+ Kg5 31. h4+ Kh6 $1 32. Nd6 f4 33. Rf2 Rd4 34. Nf7+ Kg7 35. Ng5 {Ne6+ is the strong threat.} fxg3+ 36. Kxg3 {And now Ne6+ would win.} Rd3+ 37. Kg2 Nd8 $1 38. Re2 Rd7 39. Kg3 b6 (39... Nf7 {keeps more tension.} 40. Ne6+ Kh6 41. Nc5 Rc7 42. Ne4 Re7) 40. Re3 Nf7 41. Nxf7 Kxf7 {KR-KR} 42. a4 (42. b4 $17 {might work better.}) 42... Rd4 43. Rc3 Ke6 44. Rc7 Rg4+ 45. Kh3 Rb4 46. Rxa7 $2 (46. Rc6+ $17 {was called for.} Kf5 47. Rc3) 46... Rxb3+ $19 47. Kg2 {[#]} Kf5 $1 48. a5 $2 {[#]} (48. Rd7) 48... Kg4 $1 {Black is clearly winning.} 49. Ra6 Rb2+ 50. Kg1 bxa5 {[%cal Bb6a5,Ba5a4][%mdl 32]} 51. Rxg6+ Kxh4 52. Rc6 Rb4 53. Kg2 a4 54. Rc3 Kg5 55. Rc5+ Kg4 56. Ra5 h4 57. Ra8 Kf4 58. Kf2 Ke4 {Precision: White = 47%, Black = 75%.} 0-1

[Event "25th Abu Dhabi Master 2018"]
[Site "Abu Dhabi"]
[Date "2018.08.07"]
[Round "1"]
[White "Pantsulaia, Levan"]
[Black "Mansour, Sameer"]
[Result "1-0"]
[WhiteElo "2587"]
[BlackElo "2275"]
[Annotator "ChessBase"]
[PlyCount "81"]
[EventDate "2018.08.05"]
[EventType "swiss"]
[EventCountry "UAE"]
[SourceTitle "playchess.com"]
[Source "ChessBase"]
[SourceQuality "1"]
[TimeControl "5400+30"]

1. Nf3 {[%emt 0:00:00]} Nf6 {[%emt 0:01:05]} 2. g3 {[%emt 0:00:00]} g6 {[%emt 0:00:37]} 3. Bg2 {[%emt 0:00:14]} Bg7 {[%emt 0:00:16]} 4. c4 {[%emt 0:00:06]} O-O {[%emt 0:00:10]} 5. d4 {[%emt 0:00:28]} d6 {[%emt 0:00:58]} 6. Nc3 {[%emt 0:00:14]} c6 {[%emt 0:06:39]} 7. O-O {[%emt 0:00:10]} Qa5 {[%emt 0:00:22]} 8. Nd2 {[%emt 0:00:22]} Qh5 {[%emt 0:10:34]} 9. e4 {[%emt 0:00:11]} c5 {[%emt 0:05:17]} 10. Qxh5 {[%emt 0:07:29]} Nxh5 {[%emt 0:05:29]} 11. dxc5 {[%emt 0:00:08]} Bxc3 {[%emt 0:01:33]} 12. bxc3 {[%emt 0:00:11]} dxc5 {[%emt 0:01:05]} 13. Nb3 {[%emt 0:01:48]} Na6 {[%emt 0:14:23]} 14. e5 {[%emt 0:00:29]} Rb8 {[%emt 0:01:20]} 15. Na5 {[%emt 0:04:39]} b6 {[%emt 0:12:45]} 16. Nc6 {[%emt 0:00:08]} Rb7 {[%emt 0:00:05]} 17. Bg5 {[%emt 0:08:17]} Re8 {[%emt 0:05:46]} 18. a4 {[%emt 0:04:15]} Be6 {[%emt 0:07:02]} 19. Nd8 {[%emt 0:02:41]} Rc7 {[%emt 0:03:45]} 20. Nxe6 {[%emt 0:00:08]} fxe6 {[%emt 0:00:08]} 21. a5 {[%emt 0:00:46]} Nb8 {[%emt 0:00:18]} 22. axb6 {[%emt 0:03:10]} axb6 {[%emt 0:00:06]} 23. Ra8 {[%emt 0:01:55]} Ng7 {[%emt 0:00:15]} 24. Rb1 {[%emt 0:08:34]} Kf7 {[%emt 0:02:00]} 25. f4 {[%emt 0:07:50]} Nd7 {[%emt 0:00:34]} 26. g4 {[%emt 0:00:22]} Rxa8 {[%emt 0:01:35]} 27. Bxa8 {[%emt 0:00:07]} Ne8 {[%emt 0:00:40]} 28. Bh6 {[%emt 0:02:54]} Rc8 {[%emt 0:05:22]} 29. Be4 {[%emt 0:01:49]} Nc7 {[%emt 0:03:07]} 30. Bc6 {[%emt 0:09:18]} Nb8 {[%emt 0:01:16]} 31. Bb7 {[%emt 0:00:15]} Rd8 {[%emt 0:00:14]} 32. Rxb6 {[%emt 0:00:04]} Rd1+ {[%emt 0:01:19]} 33. Kf2 {[%emt 0:00:14]} Rd2+ {[%emt 0:01:20]} 34. Kg3 {[%emt 0:00:25]} Rd3+ {[%emt 0:03:25]} 35. Kh4 {[%emt 0:00:24]} Nd7 {[%emt 0:01:07]} 36. Rc6 {[%emt 0:00:29]} Ne8 {[%emt 0:02:48]} 37. Bc8 {[%emt 0:01:18]} g5+ {[%emt 0:01:10]} 38. Kxg5 {[%emt 0:01:24]} Nef6 {[%emt 0:01:45]} 39. exf6 {[%emt 0:00:41]} exf6+ {[%emt 0:00:08]} 40. Kh4 {[%emt 0:00:05]} Kg6 {[%emt 0:01:27]} 41. Bxd7 {[%emt 0:00:17]} 1-0

[Event "25th Abu Dhabi Master 2018"]
[Site "Abu Dhabi"]
[Date "2018.08.07"]
[Round "1"]
[White "Aravindh, Chithambaram VR"]
[Black "Mohota, Nisha"]
[Result "1-0"]
[WhiteElo "2581"]
[BlackElo "2268"]
[Annotator "TA"]
[PlyCount "129"]
[EventDate "2018.08.05"]
[EventType "swiss"]
[EventCountry "UAE"]
[SourceTitle "playchess.com"]
[Source "ChessBase"]
[SourceQuality "1"]

{[%evp 12,129,20,11,25,0,-5,-6,44,33,57,23,27,2,80,75,79,60,60,61,66,60,64,48,63,55,73,50,50,50,71,50,79,52,54,54,50,48,50,50,54,54,68,60,70,79,128,100,96,113,117,83,89,89,89,67,78,39,44,8,44,13,51,50,51,44,47,41,52,52,80,80,82,54,224,154,147,147,139,139,213,213,192,186,217,210,299,199,175,122,170,165,361,390,760,346,964,964,964,964,964,964,2077,1954,1372,956,29957,29945,12846,6572,5193,2477,29983,29984,29990,29983,29983,29984,29976,29978]} 1. Nf3 d5 2. g3 Nf6 3. Bg2 e6 4. O-O Be7 5. d3 O-O 6. Nbd2 Nc6 7. d4 {LiveBook: 7 Games. A07: Réti Opening: New York and Capablanca Systems} Ne4 (7... a5 8. c3 b6 9. Re1 Bb7 10. e4 dxe4 11. Nxe4 Nxe4 12. Rxe4 Bf6 13. Re1 Ne7 14. Qc2 Bd5 {1-0 (42) Nakamura,H (2780)-Topalov,V (2749) Saint Louis 2017}) 8. e3 f5 9. c4 {The position is equal.} Kh8 $146 ({Predecessor:} 9... a5 10. a3 a4 11. b4 axb3 12. Qxb3 b6 13. cxd5 exd5 14. Bb2 Na5 {0-1 (28) Sievers,S (2376)-Schmidt Schaeffer,S (2398) Germany 2010}) 10. a3 Bf6 11. Ne1 Ne7 12. Qc2 {[%cal Rd2e4]} Nxd2 (12... b6 $11 {keeps the balance.}) 13. Bxd2 $16 dxc4 14. Rd1 Nd5 15. Qxc4 Bd7 16. Nd3 Qe8 17. Rfe1 Bc6 18. Qc2 a5 19. b3 a4 20. b4 Bb5 21. Bc1 Rf7 22. Bb2 Rd8 23. e4 fxe4 24. Rxe4 Re7 25. Rde1 Rd6 26. Ne5 Bxe5 27. Rxe5 Nb6 28. Be4 ({Reject} 28. Bxb7 c6 $11) 28... Nc4 29. Rc5 ({Not} 29. Bxb7 Nxb2 30. Qxb2 c6 $15) 29... Nxb2 30. Qxb2 Bc6 31. Qc2 Bxe4 32. Rxe4 Qd7 33. Ra5 g6 34. Rf4 Kg7 35. h4 Rd5 36. Rxa4 Rxd4 37. Rxd4 Qxd4 $14 {[%mdl 4096] Endgame KQR-KQR} 38. b5 $36 {[%mdl 2048] White is pushing.} Qe5 39. Qd3 Rf7 40. Re4 Qd5 41. Qe2 Rf6 42. a4 {And now a5 would win.} Kf7 $2 ({Black should try} 42... c6 $14) 43. Rc4 c6 44. bxc6 bxc6 45. Qc2 e5 (45... Rf3 $16) 46. Rc5 $18 Qd6 47. Rc3 Kg7 {[#]} 48. Rd3 $1 {[%cal Rd3d6]} Qc7 (48... Qe6 $142 49. a5 Qf5) 49. Qc5 e4 {[#]} 50. Re3 (50. Rb3 $1 $18) 50... Re6 51. a5 {[%cal Ba4a5,Ba5a6][%mdl 32] Black must now prevent a6.} Re5 $2 (51... Qe5 52. Qa3 Qd6 53. Qc3+ Qe5) 52. Qd4 Kh6 $2 (52... c5 53. Qb2 Kf7) 53. Ra3 (53. a6 $142 Rd5 54. Qxe4) 53... Rd5 $2 (53... Re7 54. a6 Qa7 55. Qd2+ Kg7 56. Qc3+ Kg8 57. Qxc6 e3 58. Qc4+ Kf8 59. fxe3 Qb8 60. Qf4+ Qxf4 61. gxf4 Ra7) 54. Qe3+ Kg7 55. a6 Rd8 56. Qxe4 Ra8 57. Qd4+ Kg8 58. Qc4+ Kg7 59. Rb3 Ra7 60. Qd4+ Kg8 61. Qc5 Ra8 62. Rb7 {White mates.} Qd8 63. Qc4+ Qd5 64. Qxd5+ cxd5 65. a7 {Precision: White = 68%, Black = 40%.} 1-0

[Event "25th Abu Dhabi Master 2018"]
[Site "Abu Dhabi"]
[Date "2018.08.07"]
[Round "1"]
[White "Istratescu, Andrei"]
[Black "Aaryan, Varshney"]
[Result "1-0"]
[WhiteElo "2573"]
[BlackElo "2261"]
[Annotator "TA"]
[PlyCount "79"]
[EventDate "2018.08.05"]
[EventType "swiss"]
[EventCountry "UAE"]
[SourceTitle "playchess.com"]
[Source "ChessBase"]
[SourceQuality "1"]

{[%evp 24,78,33,35,60,57,64,48,102,92,106,108,141,132,139,139,174,172,174,173,187,133,172,150,154,121,137,133,152,159,147,87,170,97,121,49,152,100,238,173,246,233,240,217,208,202,474,284,668,472,29994,29995,29996,29997,29998,29999,29999]} 1. e4 c5 2. Nf3 d6 3. d4 cxd4 4. Nxd4 Nf6 5. Nc3 a6 6. g3 e5 7. Nb3 Be7 8. Bg2 O-O 9. a4 Be6 10. O-O Nbd7 {[%cal Bb8d7,Bd7b6,Bb6c4][%mdl 32]} 11. Re1 {B91: Sicilian Najdorf: 6 g3} Rc8 12. Nd2 {[%cal Bb3d2,Bd2f1,Bf1e3][%mdl 32]} Nb6 (12... Bg4 13. Bf3 Bxf3 14. Nxf3 Re8 15. Be3 Nb6 16. Rb1 Nc4 17. Qd3 d5 18. Nxd5 Nxd5 19. Qxd5 Qxd5 20. exd5 e4 21. Nd2 Nxd2 {½-½ (21) Karjakin,S (2785)-Nepomniachtchi,I (2767) Wijk aan Zee 2017}) 13. Nf1 {LiveBook: 4 Games. White is slightly better.} Nc4 14. b3 Nb6 $146 ({Predecessor:} 14... Na5 15. Nd5 Nxd5 16. exd5 Bd7 17. Bd2 b6 18. Bxa5 bxa5 {1-0 (36) Bengherabi,K (2219)-Boudaoud,K (2033) Algier 2017}) 15. Bb2 Rc7 (15... d5 $14) 16. Ne3 $16 Qc8 17. Qd2 Rd8 18. a5 Na8 19. f4 Bf8 20. f5 Bd7 21. g4 Bc6 22. Qe2 (22. Bf3 $18) 22... g5 23. Red1 h6 24. Rd2 Rcd7 25. h3 $36 {[%mdl 2048] White is on the roll.} Nc7 26. Nc4 Na8 27. Bf3 (27. Nd5 $142 Nxd5 28. exd5) 27... Qb8 (27... Bb5 $16) 28. Kg2 ({White should play} 28. Qf2 $18) 28... Bg7 29. Rad1 (29. Qf2 $16) 29... Bf8 (29... b5 $14) 30. Qf2 ({White should try} 30. h4) 30... Bg7 (30... b5 $16 {might work better.} 31. axb6 Bb5) 31. h4 Nh7 (31... gxh4 $142 32. Ba3 (32. Qxh4 b5 $16) 32... Nc7) 32. Ba3 $18 Bf8 33. Rd3 gxh4 34. Qxh4 Ng5 $2 {[#]} (34... f6 35. Bc1 b5) 35. f6 (35. Nxe5 $142 $1 {[%mdl 512]} Nxf3 (35... dxe5 36. Bxf8) 36. Nxf3) 35... Kh7 $2 {[#]} (35... Nc7 36. Bxd6 Rxd6 37. Nxd6 Nce6) 36. Nxe5 $1 {[%mdl 512]} dxe5 (36... Nc7 $18 37. Nxd7 Rxd7) 37. Bxf8 {White mates.} Rxf8 38. Rh1 Kg8 39. Qxh6 {[%cal Rh6g5]} Nxf3 40. Qg7# {Precision: White = 51%, Black = 23%.} 1-0

[Event "25th Abu Dhabi Master 2018"]
[Site "Abu Dhabi"]
[Date "2018.08.07"]
[Round "1"]
[White "Fier, Alexandr"]
[Black "Alinasab, Mobina"]
[Result "1-0"]
[WhiteElo "2561"]
[BlackElo "2259"]
[Annotator "ChessBase"]
[PlyCount "179"]
[EventDate "2018.08.05"]
[EventType "swiss"]
[EventCountry "UAE"]
[SourceTitle "playchess.com"]
[Source "ChessBase"]
[SourceQuality "1"]
[TimeControl "5400+30"]

1. e4 {[%emt 0:00:00]} e6 {[%emt 0:00:00]} 2. d4 {[%emt 0:00:00]} d5 {[%emt 0:00:00]} 3. Nd2 {[%emt 0:00:00]} Nf6 {[%emt 0:00:00]} 4. e5 {[%emt 0:00:00]} Nfd7 {[%emt 0:00:00]} 5. Bd3 {[%emt 0:00:00]} c5 {[%emt 0:00:00]} 6. c3 {[%emt 0:00:00]} Nc6 {[%emt 0:00:00]} 7. Ne2 {[%emt 0:00:00]} cxd4 {[%emt 0:00:02]} 8. cxd4 {[%emt 0:00:06]} f6 {[%emt 0:00:03]} 9. exf6 {[%emt 0:00:06]} Nxf6 {[%emt 0:00:04]} 10. Nf3 {[%emt 0:00:12]} Bd6 {[%emt 0:00:05]} 11. O-O {[%emt 0:00:04]} O-O {[%emt 0:00:04]} 12. Bf4 {[%emt 0:00:03]} Bxf4 13. Nxf4 {[%emt 0:00:05]} Ng4 {[%emt 0:00:06]} 14. Qd2 {[%emt 0:05:33]} Qf6 {[%emt 0:00:08]} 15. Nh5 {[%emt 0:00:07]} Qh6 {[%emt 0:00:05]} 16. Qxh6 {[%emt 0:00:03]} Nxh6 {[%emt 0:00:06]} 17. Rac1 {[%emt 0:05:02]} Bd7 {[%emt 0:00:52]} 18. Rfe1 {[%emt 0:06:09]} g6 {[%emt 0:06:59]} 19. Ng3 {[%emt 0:00:06]} Nf7 {[%emt 0:15:00]} 20. Nf1 {[%emt 0:09:08]} Rac8 {[%emt 0:01:07]} 21. Bb5 {[%emt 0:04:36]} Rfe8 {[%emt 0:00:53]} 22. Ne3 {[%emt 0:01:00]} Nb8 {[%emt 0:08:27]} 23. Bd3 {[%emt 0:01:55]} Rxc1 {[%emt 0:02:59]} 24. Rxc1 {[%emt 0:00:03]} Nc6 {[%emt 0:03:09]} 25. Ng4 {[%emt 0:04:11]} Kg7 {[%emt 0:01:16]} 26. Bb5 {[%emt 0:00:08]} Rc8 {[%emt 0:03:57]} 27. Bxc6 {[%emt 0:00:04]} Rxc6 {[%emt 0:00:21]} 28. Rxc6 {[%emt 0:00:04]} Bxc6 {[%emt 0:00:06]} 29. Nge5 {[%emt 0:00:04]} Nd8 {[%emt 0:00:12]} 30. Kf1 {[%emt 0:03:02]} Bb5+ {[%emt 0:00:58]} 31. Ke1 {[%emt 0:00:04]} b6 {[%emt 0:00:10]} 32. Kd2 {[%emt 0:00:36]} Kf6 {[%emt 0:01:13]} 33. h4 {[%emt 0:02:37]} Nb7 {[%emt 0:03:56]} 34. Ng5 {[%emt 0:01:00]} h5 {[%emt 0:02:30]} 35. f3 {[%emt 0:01:46]} Nd6 {[%emt 0:00:26]} 36. g4 {[%emt 0:00:03]} Nc4+ {[%emt 0:06:24]} 37. Nxc4 {[%emt 0:00:06]} Bxc4 {[%emt 0:00:02]} 38. b3 {[%emt 0:01:02]} Bb5 {[%emt 0:00:34]} 39. Ke3 {[%emt 0:00:22]} e5 {[%emt 0:03:04]} 40. Nh3 {[%emt 0:10:07]} Bd7 {[%emt 0:09:12]} 41. Nf2 {[%emt 0:00:28]} Bb5 {[%emt 0:01:57]} 42. gxh5 {[%emt 0:03:29]} gxh5 {[%emt 0:00:06]} 43. Nh1 {[%emt 0:00:03]} Be8 {[%emt 0:13:23]} 44. Ng3 {[%emt 0:00:05]} Bg6 {[%emt 0:10:08]} 45. b4 {[%emt 0:00:44]} a6 {[%emt 0:07:14]} 46. a3 {[%emt 0:01:53]} Be8 {[%emt 0:01:17]} 47. Ne2 {[%emt 0:04:32]} Kf5 {[%emt 0:01:56]} 48. dxe5 {[%emt 0:00:17]} Kxe5 {[%emt 0:00:02]} 49. Nd4 {[%emt 0:00:03]} Bd7 {[%emt 0:00:23]} 50. f4+ {[%emt 0:00:03]} Kf6 {[%emt 0:00:33]} 51. Kd2 {[%emt 0:00:05]} Kg6 {[%emt 0:00:24]} 52. Kc3 {[%emt 0:00:03]} Ba4 {[%emt 0:01:51]} 53. Kd3 {[%emt 0:02:15]} Kf6 {[%emt 0:00:42]} 54. Ke2 {[%emt 0:00:07]} Bd7 {[%emt 0:00:07]} 55. Kf3 {[%emt 0:00:17]} Bg4+ {[%emt 0:00:20]} 56. Ke3 {[%emt 0:00:31]} Bd7 {[%emt 0:01:15]} 57. Ne2 {[%emt 0:00:04]} Be8 {[%emt 0:01:46]} 58. Ng3 {[%emt 0:00:02]} Ke6 {[%emt 0:00:26]} 59. Kd4 {[%emt 0:00:03]} Bf7 {[%emt 0:00:07]} 60. a4 {[%emt 0:03:56]} Be8 {[%emt 0:00:26]} 61. a5 {[%emt 0:00:11]} bxa5 {[%emt 0:00:24]} 62. bxa5 {[%emt 0:00:03]} Bf7 {[%emt 0:00:25]} 63. Kc5 {[%emt 0:00:04]} Kf6 {[%emt 0:00:33]} 64. Kd4 {[%emt 0:03:04]} Ke6 {[%emt 0:00:01]} 65. Ke3 {[%emt 0:00:26]} Be8 {[%emt 0:01:21]} 66. Ne2 {[%emt 0:00:14]} Bf7 {[%emt 0:00:49]} 67. Nd4+ {[%emt 0:00:12]} Kf6 {[%emt 0:00:23]} 68. Kd3 {[%emt 0:00:08]} Bg6+ {[%emt 0:00:10]} 69. Kc3 {[%emt 0:00:04]} Be4 {[%emt 0:00:52]} 70. Kb4 {[%emt 0:00:04]} Bd3 {[%emt 0:00:37]} 71. Kc5 {[%emt 0:00:18]} Bc4 {[%emt 0:00:17]} 72. Kb6 {[%emt 0:04:51]} Bd3 {[%emt 0:00:14]} 73. Kc6 {[%emt 0:00:02]} Bc4 {[%emt 0:00:08]} 74. Kc5 {[%emt 0:00:03]} Ba2 {[%emt 0:00:22]} 75. Kb4 {[%emt 0:00:29]} Bb1 {[%emt 0:00:12]} 76. Kc3 {[%emt 0:00:09]} Bg6 {[%emt 0:00:29]} 77. Nc6 {[%emt 0:00:19]} Be8 {[%emt 0:01:48]} 78. Nb4 {[%emt 0:00:03]} Bb5 {[%emt 0:00:29]} 79. Nxd5+ {[%emt 0:00:07]} Kf5 {[%emt 0:00:08]} 80. Kd4 {[%emt 0:00:01]} Bd7 {[%emt 0:00:53]} 81. Ke3 {[%emt 0:00:23]} Be6 {[%emt 0:00:23]} 82. Nb4 {[%emt 0:00:38]} Bc4 {[%emt 0:00:27]} 83. Nc6 {[%emt 0:00:38]} Bf7 {[%emt 0:00:36]} 84. Nb4 {[%emt 0:00:38]} Kg4 {[%emt 0:00:33]} 85. Nxa6 {[%emt 0:00:16]} Kxh4 {[%emt 0:00:06]} 86. Nc7 {[%emt 0:00:05]} Bc4 {[%emt 0:00:52]} 87. a6 {[%emt 0:00:03]} Bxa6 {[%emt 0:00:07]} 88. Nxa6 {[%emt 0:00:04]} Kg3 {[%emt 0:00:17]} 89. Nc5 {[%emt 0:00:19]} h4 {[%emt 0:00:18]} 90. Ne4+ {[%emt 0:00:03]} 1-0